Studies on soils of toshka region (Record no. 58214)
[ view plain ]
| 000 -LEADER | |
|---|---|
| fixed length control field | 01648cab a2200325Ia 45 0 |
| 001 - CONTROL NUMBER | |
| control field | u208452 |
| 003 - CONTROL NUMBER IDENTIFIER | |
| control field | SIRSI |
| 008 - FIXED-LENGTH DATA ELEMENTS--GENERAL INFORMATION | |
| fixed length control field | 120426s2003 ua ss b eng d |
| 040 ## - CATALOGING SOURCE | |
| Original cataloging agency | EAL |
| 041 ## - LANGUAGE CODE | |
| Language code of text/sound track or separate title | eng |
| Language code of summary or abstract | ara |
| 043 ## - GEOGRAPHIC AREA CODE | |
| Geographic area code | f-ua |
| 090 ## - LOCALLY ASSIGNED LC-TYPE CALL NUMBER (OCLC); LOCAL CALL NUMBER (RLIN) | |
| Classification number (OCLC) (R) ; Classification number, CALL (RLIN) (NR) | ART ZJAR V30 No5 7 |
| 100 1# - MAIN ENTRY--PERSONAL NAME | |
| Personal name | Behiry, E. M. K. |
| 240 10 - UNIFORM TITLE | |
| Uniform title | Zagazig journal of agricultural research, 2003 v. 30 (5) |
| Medium | [electronic resource]. |
| 245 10 - TITLE STATEMENT | |
| Title | Studies on soils of toshka region |
| Medium | [electronic resource]: |
| Remainder of title | 2- forms of inorganic phosphate in soils of Toshka region. |
| 246 15 - VARYING FORM OF TITLE | |
| Title proper/short title | دراسات على أراضى إقليم توشكى : |
| Remainder of title | 2-صور الفوسفور المعدنى فى أراضى من منطقة توشكى. |
| 300 ## - PHYSICAL DESCRIPTION | |
| Extent | p.1901-1917. |
| 504 ## - BIBLIOGRAPHY, ETC. NOTE | |
| Bibliography, etc. note | Includes references. |
| 520 ## - SUMMARY, ETC. | |
| Summary, etc. | Fifteen soil profiles were dug, during the 2001 year, at Toshka region and forty five soil samples were collected from layers 0-30, 30-60, and 60-90 cm. The inorganic P-fractions decreased with soil depth increases down the profile, and varied greatly along with the soil depth. The relative abundance of P-fractions in most soils is in the order: Ca-P> saliod-P Fe-P > AI-P. The Ca-P was the most dominant fraction in these soil. |
| 546 ## - LANGUAGE NOTE | |
| Language note | Summary in Arabic. |
| 596 ## - | |
| -- | 1 |
| 650 #0 - SUBJECT ADDED ENTRY--TOPICAL TERM | |
| Topical term or geographic name entry element | Soils |
| General subdivision | Phosphorous content |
| Geographic subdivision | Egypt. |
| 651 #0 - SUBJECT ADDED ENTRY--GEOGRAPHIC NAME | |
| Geographic name | Tūshkah Sharq (Egypt). |
| 650 #3 - SUBJECT ADDED ENTRY--TOPICAL TERM | |
| Topical term or geographic name entry element | inorganic phosphorus. |
| 700 1# - ADDED ENTRY--PERSONAL NAME | |
| Personal name | Hassanein, A. E. |
| 700 1# - ADDED ENTRY--PERSONAL NAME | |
| Personal name | Khider, M. H. |
| 700 1# - ADDED ENTRY--PERSONAL NAME | |
| Personal name | Abdel Latif, E. A. |
| 773 0# - HOST ITEM ENTRY | |
| Title | Zagazig Journal of Agricultural Research. |
| Related parts | 2003.v.30(5) |
| International Standard Serial Number | 1110-0338 |
| Control subfield | nnas |
| Record control number | u158356 |
| 856 40 - ELECTRONIC LOCATION AND ACCESS | |
| Uniform Resource Identifier | <a href="http://nile.enal.sci.eg/EALE/2003/ZJAR/3003/5/1901.pdf">http://nile.enal.sci.eg/EALE/2003/ZJAR/3003/5/1901.pdf</a> |
| Public note | Full Text Article. |
| 942 ## - ADDED ENTRY ELEMENTS (KOHA) | |
| Koha item type | Articles |
| Source of classification or shelving scheme | Library of Congress Classification |
No items available.